| 000 | 00984nam a22002537a 4500 | ||
|---|---|---|---|
| 005 | 20240530110402.0 | ||
| 008 | 150122s2011 ua o f b 000 0 ara d | ||
| 017 |
_a2010/9991 _bمصر . دار الكتب المصرية |
||
| 020 | _a9789773277799 | ||
| 040 | _aEG-CaGPL | ||
| 041 | 0 | _aara | |
| 082 | 0 | 4 |
_221 _a932 _bق/ إ و |
| 100 | 0 | _aابراهيم محمد عبدالله | |
| 245 | 1 | 0 |
_aوسائل حماية المقابر الفرعونية و مخاطر الاكتشاف / _cابراهيم محمد عبدالله |
| 250 | _aط1 | ||
| 260 |
_aالاسكندرية : _bدار الوفاء لدنيا الطباعة و النشر ، _c2011 |
||
| 300 |
_a544 ص : _bصور ؛ _c24 سم |
||
| 504 | _aببليوجرافية : ص 513 - 520 | ||
| 650 | 0 | 4 |
_aمصر القديمة _xتاريخ |
| 650 | 0 | 4 | _aالحضارة الفرعونية |
| 650 | 0 | 4 |
_aالمقابر الفرعونية _xحماية |
| 942 |
_2ddc _cBK |
||
| 999 |
_c60285 _d60285 |
||